| 000 | 00408nam a22001457a 4500 | ||
|---|---|---|---|
| 999 |
_c8140 _d8140 |
||
| 003 | OSt | ||
| 005 | 20200805121817.0 | ||
| 008 | 200805b ||||| |||| 00| 0 eng d | ||
| 020 | _a9780470445440 | ||
| 082 |
_a691 _bGES |
||
| 100 | _aGesimondo, Nancy; Postell, James Christopher, 1958-; Gesimondo, Nancy | ||
| 245 | _a Materiality and interior construction | ||
| 260 |
_aCanada _bJohn wiley _c2011 |
||
| 942 | _2ddc | ||